000 00485nam a2200157Ia 4500
999 _c20002
_d20002
003 OSt
005 20200609095629.0
008 190216s9999||||xx |||||||||||||| ||und||
040 _coclc
082 _a327.59
_bHYD/F
100 _aHyder, Sajjad
_92651
245 0 _aForeign Policy Of Pakistan Reflections Of An Ambassador /
_cSajjad Hyder
260 _bProgress Publishers,
_c1987.
_aMoscow:
300 _a155p
942 _cBK
_2ddc
_h327.59
_iHYD/F
_k327.59
_mHYD/F